Città non capoluoghi più popolose d'Italia - Statistics

Statistiche generali
  • Questo quiz è stato fatto 61 volte
  • Il punteggio medio è 12 su 20
Statistiche sulle risposte
Posizione Comune Provincia N° abitanti % Corretto
1 Giugliano in Campania NA 123.998
84%
3 Busto Arsizio VA 83.439
78%
7 Sesto San Giovanni MI 78.565
78%
6 Marsala TP 79.833
72%
4 Fiumicino RM 82.506
70%
13 Carpi MO 72.525
66%
2 Guidonia Montecelio RM 89.411
62%
16 Imola BO 69.357
62%
9 Cinisello Balsamo MI 74.946
60%
18 Lamezia Terme CZ 67.211
58%
8 Pozzuoli NA 76.211
58%
10 Aprilia LT 74.572
56%
17 Quartu Sant'Elena CA 68.463
56%
15 Altamura BA 70.108
52%
14 Gela CL 70.811
52%
5 Torre del Greco NA 80.093
52%
12 Casoria NA 73.807
44%
11 Corigliano-Rossano CS 74.091
44%
20 Pomezia RM 64.617
42%
19 Vittoria RG 64.678
42%
Nessun quiz corrispondente trovato
Distribuzione punteggi
Percentuale di utenti per punteggio
Percentile per numero di risposta
I tuoi punteggi nel tempo
Non hai fatto questo quiz